A narrative of the extraordinary penitence of Rob. Maynard : who was condemned for the murder of John Stockton ... and executed at Tyburn, May the 4th : together with the several conferences held with him in Newgate : as also a copy of the papers which he left to be published after his death /

Bibliographic Details
Main Author: Stevens, Joseph
Other Authors: Maynard, Rob
Format: Microform Book
Language:English
Series:Early English books, 1641-1700 ; 1432:5.
Subjects:

MARC

Tag First Indicator Second Indicator Subfields
LEADER 00000cam a2200000 a 4500
001 in00000896021
005 20150923142846.0
007 hd afv---baca
007 hz bfv---baaa
008 840918s1696 miu a 00010 eng d
035 |a (OCoLC)11168377 
035 |9 AEL5929AM 
037 |a CL0037000049  |b University Microfilms International 
037 |b University Microfilms International, 300 N. Zeeb Rd., Ann Arbor, MI 48106 
040 |a UMI  |c UMI  |d UtOrBLW 
049 |a TXAI 
090 |a BV4950  |b .S73 
099 |a film   |a  B   |a  3609 
100 1 |a Stevens, Joseph. 
245 1 2 |a A narrative of the extraordinary penitence of Rob. Maynard :  |b who was condemned for the murder of John Stockton ... and executed at Tyburn, May the 4th : together with the several conferences held with him in Newgate : as also a copy of the papers which he left to be published after his death /  |c by Joseph Stevens. 
264 3 |a London :  |b Printed for John Dunton ...,  |c 1696. 
300 |a 2 unnumbered pages, 36 pages 
336 |a text  |b txt  |2 rdacontent 
337 |a microform  |b h  |2 rdamedia 
338 |a microfilm reel  |b hd  |2 rdacarrier 
500 |a Reproduction of original in the British Library. 
510 4 |a Wing  |c S5498. 
533 |a Microfilm.  |b Ann Arbor, Mich. :  |c University Microfilms International,  |d 1983.  |e 1 microfilm reel ; 35 mm.  |f (Early English books, 1641-1700 ; 1432:5) 
500 |a Microform. 
650 0 |a Conversion. 
650 0 |a Repentance. 
700 1 |a Maynard, Rob. 
830 0 |a Early English books, 1641-1700 ;  |v 1432:5. 
999 |a MARS 
999 f f |s 279bedba-182f-3970-9e1c-e97c6ac5b9b5  |i 843a6a0c-d906-3253-b49e-9e062a778260  |t 0 
952 f f |p default  |a Texas A&M University  |b College Station  |c Sterling C. Evans Library  |d Evans: Microforms (3rd floor)  |t 0  |e film B 3609 1432:5  |h Other scheme  |i microform -- microfilm reel 
998 f f |a film B 3609 1432:5  |t 0  |l Evans: Microforms (3rd floor)